[Event "Eurotel Trophy"]
[Site "Prague"]
[Date "2002.04.30"]
[Round "2.2"]
[White "Kasparov, Garry"]
[Black "Polgar, Judit"]
[Result "1-0"]
[WhiteElo "2838"]
[BlackElo "2677"]
[Annotator "Psakhis,L"]
[PlyCount "101"]
[EventDate "2002.04.28"]
[EventType "k.o. (rapid)"]
[EventRounds "5"]
[EventCountry "CZE"]
[Source "ChessBase"]
[SourceDate "2002.08.12"]

1. e4 c5 2. Nf3 d6 3. Bb5+ {This being the second game in his match and
Kasparov, after victory in the first game, chooses the most solid line. Once
in a similiar situation he played against Judit 2.c3, but now, maybe, he
considers this move as too risky!} Nc6 (3... Bd7 {Judit shows fighting spirit
- 3...Bd7 leads to more or less equal positions.}) 4. Bxc6+ bxc6 5. O-O e5 (
5... Bg4 6. c3 e5 7. d3 Be7 8. h3 Bh5 9. Nbd2 Nf6 10. Re1 O-O 11. Nf1 Nd7 12.
Ng3 Bg6 13. Be3 Rb8 14. Qc2 Qc7 15. h4 $14 {0-1 Rublevsky,S-Rabiega,R/
Frankfurt Masters 2000/The Week in Chess 294 (66)}) 6. c3 g5 {Dubious move,
but how Black can play for a win with "normal" play.} ({is more common here,
though Black can't be too happy with his results, for example} 6... f5 7. exf5
Bxf5 8. d4 e4 9. dxc5 exf3 10. Qxf3 Be6 11. Re1 Kd7 12. cxd6 Qf6 13. Bf4 Qf5
14. Nd2 Nf6 15. Qe2 Re8 16. Qe3 Qa5 17. Nf3 $16 {1-0 Rublevsky,S-Sveshnikov,E/
YUG-Cup Herceg Novi 1999 (35)}) 7. d4 g4 8. Nfd2 cxd4 9. cxd4 exd4 10. Nc4 c5
$146 (10... Bg7 11. Bf4 Be6 12. Nxd6+ Kf8 13. Nd2 Ne7 14. Nb3 Qb6 15. Rc1 $16 {
Rublevsky,S-Stripunsky,A/RUS-chT Kazan 1995/[Hecht]/1-0 (58)}) 11. Re1 {It's
easy to see that White got great  compensation for the pawn: better
development and an exposed king on e8.'} Be6 12. Nba3 (12. Bf4 $5 Bxc4 $140 13.
Qa4+ Qd7 14. Qxc4 {[%cal Ge4e5]}) 12... Be7 13. e5 (13. Bf4 Nf6 $13) 13... d5
14. Nd6+ $1 Kf8 (14... Bxd6 15. exd6 Qxd6 16. b4 $1 Ne7 17. bxc5 Qxc5 18. Bb2
O-O 19. Nc2 $36) 15. Bf4 h5 16. b4 $1 {White must attack black's pawn center.}
c4 17. Qxd4 h4 18. Nab5 {[%cal Gb5a7,Gb5c3]} Rh5 19. Qe3 {Kasparov got a big
advantage after the opening. Black can't complete the development and must
suffer now for nothing.} Qd7 20. Nd4 Bd8 21. Qd2 Ne7 22. b5 Ng6 23. Nc6 {Not
in every game you will see such a nice couple of knights!} c3 24. Qc1 g3 {
Typical Judit!} 25. fxg3 hxg3 26. Bxg3 $18 Bb6+ 27. Kh1 Kg7 28. Qxc3 {Now
White won two pawns, his position is winning, but Judit continues to fight.}
Rah8 29. Rf1 Kg8 30. Rae1 f5 {[%cal Gd7h7] It is not time for Black to count
pawns! Judit as usual fights back to ropes and creates some threats against
white's king.} 31. exf6 Qh7 32. f7+ (32. Nd4 Rxh2+ 33. Kg1 $18 {was also enough
}) 32... Bxf7 33. Qxh8+ $5 {Looks nice, but} (33. Bh4 $1 Rxh4 34. h3 $18 {
[%csl Gc6,Gd6,Gf1] could finish game quicker.}) 33... Nxh8 (33... Kxh8 $2 34.
Rxf7 Qg8 35. Re8 $18) (33... Qxh8 34. Rxf7) 34. Ne7+ Kf8 (34... Kg7 35. Ndf5+
Kf8 36. Bd6 $5 $40) 35. Nec8 Qd3 $2 {Final mistake} (35... Bc5 $142 $1 36. Re8+
Kg7 37. Re7 Qd3 $132 {leads to an unclear game.}) 36. Rf3 Qc2 (36... Qd2 37.
Ref1) 37. Nxf7 Nxf7 38. Nd6 Qg6 39. Rxf7+ Qxf7 (39... Kg8 40. Re8#) 40. Nxf7 {
The white knight worked very hard in this game and he deserves a rest.} Kxf7
41. Re5 $1 $18 Rxe5 42. Bxe5 d4 43. Kg1 Ke6 44. Bb8 Kd5 45. Kf1 Kc4 46. Ke2 d3+
47. Kd1 Kxb5 48. h4 a5 49. Be5 Bf2 50. h5 Be3 51. Bg7 1-0

[Event "FIDE GP"]
[Site "Moscow"]
[Date "2002.06.04"]
[Round "4.1"]
[White "Kasimdzhanov, Rustam"]
[Black "Polgar, Judit"]
[Result "1-0"]
[WhiteElo "2674"]
[BlackElo "2677"]
[Annotator "Tyomkin,D"]
[PlyCount "99"]
[EventDate "2002.06.01"]
[EventType "k.o. (rapid)"]
[EventRounds "5"]
[EventCountry "RUS"]
[Source "ChessBase"]
[SourceDate "2002.09.20"]

1. e4 c5 2. Nf3 d6 3. d4 cxd4 4. Nxd4 Nf6 5. Nc3 a6 6. Bg5 e6 7. f4 Qb6 8. Qd2
Qxb2 9. Nb3 Qa3 10. Bxf6 gxf6 11. Be2 Nc6 12. O-O Bg7 $146 {Black has large
choice of moves instead;  There were few fresh games played in those lines, 12.
..Na5 and 12...h5 deserve attention- white hasn't got any advantage in both:} (
12... Na5 $5 13. Kh1 Nxb3 14. axb3 Qc5 15. f5 (15. Bb5+ $5 {would leave black
w/o castle;}) 15... Bd7 16. b4 Qxb4 17. fxe6 fxe6 18. Rfb1 Qc5 19. Rxb7 Be7 20.
Rxa6 Rxa6 21. Bxa6 Bc8 22. Rb8 O-O $11 {1/2-1/2 Luther,T-Timoshenko,G/Panormo
GRE 2001/The Week in Chess 360 (42).  (42)}) (12... Bd7 13. Nd1 $5 $146 (13.
Kh1 {Tyomkin,D: 'in this variation white should play very well,othewise white
hasn't compensation for the sacrificed pawn'} Rc8 (13... h5 14. Rf3 (14. Nd1 {
Tyomkin,D} Rc8 15. Ne3 (15. Rf3 {(Tyomkin,D) Ftacnik} Qb4 16. Qe3 Qa3 17. Qb6
Qb4 18. Qf2 Qxe4 19. Bd3 Qa4 20. Nb2 Qa3 21. Nc4 Qb4 22. a3 Qc3 23. Bf1 $18)
15... Qb4 16. c3 Qxe4 (16... Qb6 {(Tyomkin,D) Ftacnik} 17. Nc4 Qc7 18. Rad1 (
18. Rfd1 {Tyomkin,D} h4 $5)) 17. Bd3 Qa4 18. Nc4 Rc7 19. Nb6 Qa3 20. Rae1 (20.
Nc4 {Tyomkin,D} Qa4 21. Nb6 Qa3 22. Nc4 {1/2-1/2 Gulko,B-Psakhis,L/Beersheba
1993/CBM 38}) (20. Qe3 {(Tyomkin,D) Ftacnik} Kd8 $6 21. Na8 d5 22. Qb6 Qd6 $44)
20... Ne7 21. Nc4 Rxc4 22. Bxc4 h4 23. Bd3 {0-1 Short,N-Kasparov,G/PCA-Wch
London 1993/CBM 36/[Ftacnik] (40)} (23. Rf3 $5 {(Tyomkin,D) Ftacnik}) (23. Be2
$1 {(Tyomkin,D) Ftacnik} Bg7)) 14... Be7 15. Rd1 Rc8 16. Re3 Qb4 17. a3 Qb6 18.
Rh3 {1/2-1/2 Sedlak,N-Popovic,D/Subotica 2002/CBM 87 ext (18).}) 14. Nd1 $5
$146 (14. Bh5 {Tyomkin,D} Bg7 15. Rf3 O-O 16. Rg3 $146 (16. Re1 $6 {(Tyomkin,D)
Tyomkin,D} Na5 $1 {<->c} 17. f5 $6 $17 (17. Nd4 $5 {Tyomkin,D} Qc5 18. f5 Nc4)
17... Nxb3 (17... Nc4 $5 {Tyomkin,D}) 18. axb3 Qa5 $6 (18... exf5 $142 {
Tyomkin,D} 19. Nd5 (19. exf5 {Tyomkin,D} Qa5 $17 {[%csl Rc3,Rf5]}) 19... Rfe8)
19. Rd3 exf5 (19... Rfd8 {Tyomkin,D} 20. Rd1) 20. Rxd6 Be6 21. Nd5 Qxd2 22.
Ne7+ Kh8 23. Rxd2 Rce8 24. exf5 Bxf5 (24... Rxe7 {Tyomkin,D} 25. Rde2 $11) 25.
Rde2 Bd7 (25... Be6 $2 {Tyomkin,D} 26. Rxe6 fxe6 27. Bxe8 Rxe8 28. Rxe6) 26.
Bf3 b5 27. Ra1 b4 28. Nd5 f5 29. Rd1 {1/2-1/2 Liberzon,V-Ribli,Z/Buenos Aires
olm 1978/MCD-ol}) (16. Rd1 {(Tyomkin,D) Ftacnik} f5 17. exf5 exf5 $13 {
Rodriguez,Am-Vera/Havana/1978/}) 16... Kh8 (16... Na5 $5 {Tyomkin,D} 17. f5 {
[%cal Rd2h6]} (17. Nd5 $2 {Tyomkin,D} exd5 18. Nxa5 Qb2 $17) 17... Kh8 18. Nxa5
Qxa5 19. Qxd6 Rxc3 20. Qxd7 exf5 21. exf5 Rxg3 22. hxg3 Qe5 23. Rd1 Qxg3 24.
Bf3 (24. Bxf7 {Tyomkin,D} Bh6 $19) 24... Bh6 $17) 17. Rf1 {[%cal Gf4f5]} Ne7 (
17... Na5 $5 {Tyomkin,D} 18. f5 Nc4 (18... Nxb3 {Tyomkin,D}) 19. Qf4 Ne5 $15 {
/-/+}) 18. f5 exf5 19. exf5 Bxf5 (19... Nxf5 {Tyomkin,D} 20. Rgf3 Nh4 $17) 20.
Qe1 Be6 $6 (20... Bg6 {Tyomkin,D} 21. Bf3 (21. Qxe7 {Tyomkin,D} Bxh5 22. Qxb7
Bg6 $17 {^^}) 21... Rfe8 $17 {[%cal Ge7f5]}) 21. Ne4 {0-1 Shabalov,A-De
Firmian,N/Chandler 1997/CBM 61/[Tyomkin,D] (39) White got some initiative for
the second pawn}) 14... Bg7 15. Ne3 Qb4 $2 (15... b5 $142 {to prevent Nc4}) 16.
c3 Qxe4 17. Nc4 Bf8 18. Nb6 $16 {[%cal Rb6d7,Yb3c5] 1-0 Kotronias,V-Froehlich,
P/Linares 2002/CBM 87 ext (28).  (27)}) (13. Qe3 Na5 14. Nb1 Qb2 $2 (14... Qa4
15. Nc3 Qa3 16. Nb1 $11) 15. Nxa5 Qxa1 16. Na3 Qxa2 17. Bc4 Qb2 18. Rb1 $18 {
1-0 Brkic,A-Ruck,R/Bled SLO 2002/The Week in Chess 400 (48).  (47)}) (13. Bh5
Bg7 14. f5 O-O 15. Rf3 Rac8 16. Raf1 Qb4 17. Rg3 Kh8 18. Qe3 Ne5 $17 {Black
easily repulses white's attack here;} 19. a3 Qxa3 20. Rxg7 Kxg7 21. Qg3+ Kh8
22. Qh4 Kg7 23. Qg3+ Kh8 24. Qh4 Rg8 $1 25. Bxf7 Nxf7 26. Qxf6+ Rg7 27. fxe6
Ne5 $19 {0-1 Gunnarsson,J-Olafsson,H/Reykjavik 1998 (48).  (48)}) 13... Be7 14.
Ne3 b5 15. Bh5 Qb4 16. c3 Qxe4 17. f5 e5 18. Nd5 Bd8 19. Rad1 $1 $36 {[%cal
Rb3c5] 1/2-1/2 Vouldis,A-Shipov,S/Ano Liosia GRE 2000/The Week in Chess 321 
(39).  (38)}) (12... h5 13. Kh1 h4 14. h3 Bd7 15. Nd1 {[%cal Gd1e3,Ge3c4]} Be7
16. Ne3 Qb4 17. c3 Qb6 (17... Qxe4 18. Bd3 Qa4 19. Nc4 {[%cal Gc4b6]} Rd8 20.
Nb6 Qa3 21. Nc4 Qa4 22. Nb6 {with perpetual attack!}) 18. Rad1 Qc7 19. Nc4 Rd8
20. Nxd6+ Bxd6 21. Qxd6 Qxd6 $11 {1/2-1/2 De la Paz,F-Herrera,I/Holguin City
CUB 2002/The Week in Chess 387 (31).  (30)}) 13. Rf3 O-O 14. Kh1 Rd8 $6 {
Dubious plan which has led to white's advantage;} (14... b5 15. Rg3 (15. Nb1
Qb4 16. Nc3 {[%cal Ra2a3]} Qa3 $11) 15... Kh8 16. Rd1 Rd8 {[%cal Gc8b7]}) (
14... f5 15. exf5 b5 16. Rg3 Kh8 $13) 15. Rg3 d5 $6 {This move just helps
white to develp an initiative;} (15... Kh8 $5) 16. exd5 f5 17. Rd1 $16 {There
is no way for black to return the pawn now;} Qf8 (17... Kh8 18. Rd3 $16) (17...
exd5 18. Nxd5 Be6 19. c4 $16 {[%cal Gg3d3,Gg3g7]}) 18. d6 Kh8 (18... b5 {to
prevent Na4 as it has happened in this game;} 19. Bf3 Bd7 20. Nc5 $16) 19. Na4
$1 {[%cal Ga4b6,Gb3c5] There is no white piece to cover those dark squares;} b5
20. Nac5 $16 {[%cal Yd6d7,Ge2f3]} Ra7 21. Rd3 e5 {That's the attempt to create
some counterplay, but black can't do much against d-pawn eventually;} 22. Qe3 {
[%cal Ge3a7] x-raying e3-a7 diagonal;} exf4 23. Qxf4 Ne5 24. Rd5 {[%cal Gd5e5]}
Ng6 25. Qf2 Be6 26. R5d2 {[%cal Rc5e6]} (26. Nxe6 fxe6 27. Qxa7 exd5 28. Qxa6 {
but has good chances to save the game here- d-pawn is not dangerous anymore;})
26... Raa8 27. Nb7 $18 {White gains some material by this move, but d-pawn
remains same strong;} Be5 (27... Rd7 28. N3c5 $18) (27... Rdb8 28. N3c5 $18 {
[%cal Gd6d7,Gd7d8,Ye2f3]}) 28. Nxd8 Rxd8 29. Nc5 Qh6 (29... Rxd6 30. Rxd6 Bxd6
31. Nxe6 fxe6 32. Qb6 $18 {[%csl Ya6,Gd6,Ye6]}) (29... Bxd6 $2 30. Nb7 {[%csl
Yd6,Yd8]}) 30. h3 Nf4 31. Qe3 Qg7 32. Bf3 {White has repulsed all one- move
threats of black easily;} (32. Bf1 Nh5 $132 {[%cal Ge5f4,Yh5g3]}) 32... f6 33.
Nxe6 Nxe6 {[%cal Ge5f4]} 34. Qe1 $6 {This was better to keep control over both,
f4 and g3 spots;  Following move whould prevent any counterplay:} (34. Qf2 $142
$1 {[%csl Yf4,Yg3]} Qg5 35. Bc6 (35. Bb7)) {The following stage of the game is
rich of unaccuracies and mistakes, while white got the win fairly at the end;}
34... Qg5 35. d7 Qf4 36. Qg1 Ng5 37. Rd3 Kg7 (37... Ne4 $142 38. Bxe4 fxe4 39.
Rf1 $1 Qg5 40. Rd5 Qg3 {and black may survive for a while;}) 38. Rf1 $6 (38. g3
$1 {[%cal Gg1b6]} Qxg3 39. Qxg3 Bxg3 40. Kg2 $18 {[%cal Gd3c3,Gc3c8]}) 38...
Qc4 39. Bd5 Qxc2 40. Rfd1 Rxd7 41. h4 Nf7 $2 {Just a blunder; Black could save
the game by:} (41... Rxd5 $1 42. Rxd5 Ne4 $1 {[%cal Ge4g3] and suddenly black
is not worse at all!}) 42. Bb3 $18 {[%csl Rc2,Rd7] Now black is losing on the
spot;} Qxd3 43. Rxd3 Rxd3 44. Qa7 Rc3 45. Qxf7+ Kh6 {[%cal Yc3c1]} 46. Kg1 $1 {
That's important not to blunder mate over the backrank!} Rc7 47. Qf8+ Kh5 48.
Bd1+ Kxh4 49. Qh6+ Kg3 50. Qh2# 1-0

[Event "FIDE GP"]
[Site "Moscow"]
[Date "2002.06.04"]
[Round "4.2"]
[White "Polgar, Judit"]
[Black "Kasimdzhanov, Rustam"]
[Result "1-0"]
[WhiteElo "2677"]
[BlackElo "2674"]
[Annotator "Huzman"]
[PlyCount "113"]
[EventDate "2002.06.01"]
[EventType "k.o. (rapid)"]
[EventRounds "5"]
[EventCountry "RUS"]
[Source "ChessBase"]
[SourceDate "2002.09.20"]

1. e4 e5 2. Nf3 Nf6 3. Nxe5 d6 4. Nf3 Nxe4 5. d4 d5 6. Bd3 Bd6 7. O-O O-O 8. c4
c6 9. Re1 Bf5 10. Qb3 Na6 11. c5 $2 {In my opinion this novelty will have no
followers.} Naxc5 12. dxc5 Nxc5 13. Bxf5 Nxb3 14. axb3 Qf6 15. Bd3 Bf4 (15...
Rfe8 $5 16. Rxe8+ $140 (16. Rd1 $142 Bf4 (16... h6 17. Bd2 {[%cal Gd2c3]}) 17.
Nbd2 a5 18. h3 $15) 16... Rxe8 17. Rxa7 Bc5 18. Rxb7 Re1+ $1 $19) 16. Nbd2 a6
17. g3 Bh6 (17... Bd6 $5 $17) 18. Ne5 Rfe8 19. f4 $13 {[%csl Rh6]} g5 $2 20.
Ndf3 gxf4 21. Ra4 $1 $44 Qg7 $6 (21... Qd8 22. Bxf4 Qb6+ 23. Kg2 Qxb3 24. Bxh6
$1 Qxa4 25. Ng5 Rxe5 (25... f5 26. Bxf5 Re7 27. Nd7 $1 Qb4 28. Rxe7 Qxe7 29.
Be6+ Kh8 30. Nf7+ $11) 26. Rxe5 f6 (26... Qb3 27. Bxh7+ Kh8 28. Rf5 f6 29. Rxf6
Qxb2+ 30. Rf2 $44 {[%csl Rh8]}) 27. Re7 $11) 22. Bxf4 $40 {[%cal Ga4g4]} Bxf4
23. Rxf4 f6 $1 24. Ng4 $6 (24. Rg4 fxe5 25. Rxg7+ Kxg7 26. Nxe5 Re7 $15) 24...
Rxe1+ 25. Nxe1 Rf8 26. Nf3 f5 (26... h5 $5 27. Ne3 Qe7 28. Nf5 Qc5+ 29. Kg2 Qc1
) 27. Nge5 Qh6 28. Kg2 Qe6 29. g4 $1 fxg4 $2 (29... Qd6 30. Bxf5 Re8 31. Nd3
Re2+ $17) 30. Rxg4+ Kh8 31. Rh4 Rxf3 (31... Rg8+ 32. Kf2 Rg7 33. Bxh7 $40) 32.
Nxf3 h6 33. Ng5 $40 Qe3 34. Rxh6+ Kg7 35. Rg6+ Kf8 36. Rf6+ Kg7 37. Rf3 $1 Qd2+
38. Kh3 Qe1 39. Rg3 Kf6 40. Nf3 $1 Qc1 (40... Qd1 $142) 41. Rg6+ Ke7 42. Kg4
Qxb2 43. h4 {Pawn h2 became very strong now.} Qxb3 44. Bf5 d4 45. h5 d3 46. h6
Qb4+ 47. Kg5 d2 48. Rg7+ Kd6 49. Rd7+ Kc5 50. Rxd2 $18 Kb6 51. Rd7 Qc3 52. h7
a5 53. Rd8 Qg7+ 54. Kh5 Qf7+ 55. Kg4 Qc4+ 56. Rd4 Qe2 57. h8=Q 1-0

[Event "FIDE GP"]
[Site "Moscow"]
[Date "2002.06.04"]
[Round "4.4"]
[White "Polgar, Judit"]
[Black "Kasimdzhanov, Rustam"]
[Result "1-0"]
[WhiteElo "2677"]
[BlackElo "2674"]
[Annotator "Huzman"]
[PlyCount "123"]
[EventDate "2002.06.01"]
[EventType "k.o. (rapid)"]
[EventRounds "5"]
[EventCountry "RUS"]
[Source "ChessBase"]
[SourceDate "2002.09.20"]

1. e4 e5 2. Nf3 Nf6 3. Nxe5 d6 4. Nf3 Nxe4 5. d4 d5 6. Bd3 Bd6 7. O-O O-O 8.
Re1 Bf5 9. c4 c6 10. Qc2 Nd7 (10... Bg6 11. c5 Bc7 12. Nc3 Na6 (12... Nxc3 13.
Qxc3 Nd7 14. Bg5 f6 15. Bh4 Ba5 16. b4 Bxb4 17. Qxb4 Bxd3 18. Re3 Ba6 19. Rae1
Rf7 20. Bg3 $44 {1-0 Hracek,Z-Bratanov,Z/Budapest 2000/CBM 78 (30)}) (12... f5
13. Ne2 Nd7 14. Bf4 Bh5 15. Bxc7 (15. Qc1 Bxf4 16. Qxf4 g5 17. Qc1 Kh8 18. b4
Qf6 19. Qb2 Bxf3 20. gxf3 g4 21. fxe4 fxe4 22. Bxe4 Qxf2+ 23. Kh1 dxe4 24. d5+
Kg8 25. dxc6 $11 {1/2-1/2 Naiditsch,A-Timman,J/Dortmund GER 2002/ (29)}) 15...
Qxc7 16. Nd2 Bxe2 (16... Rae8 17. f3 Nxd2 18. Qxd2 f4 19. Nc3 g5 20. g4 Bg6 21.
Bxg6 hxg6 22. Re2 Rxe2 23. Qxe2 Nf6 $11 {1/2-1/2 Topalov,V-Leko,P/Monte Carlo
2001/CBM 81 ext (28)}) 17. Rxe2 Rae8 18. Nb3 g6 19. Rae1 Kf7 20. Qc1 Nef6 21.
Nd2 Rxe2 22. Bxe2 Re8 23. Nf3 Kg7 24. b4 $14 {1-0 Brodsky,M-Maksimenko,A/
Copenhagen 1994/EXT 99 (54)}) (12... Nf6 13. Bg5 Nbd7 14. Ne5 Bxd3 15. Qxd3 Qc8
16. f4 Ba5 17. Qg3 Kh8 18. Qh4 Bxc3 19. bxc3 Ne4 20. Re3 $40 {1-0 Shirov,
A-Piket,J/Wijk aan Zee 2001/CBM 81/[Huzman] (43)}) 13. a3 Re8 14. b4 Qf6 15.
Nxe4 dxe4 16. Bxe4 Rxe4 17. Rxe4 Qf5 18. Nd2 Qh5 19. Nf1 Qd5 20. f3 Bxe4 21.
Qxe4 Qd7 22. Be3 $16 {1-0 Yudasin,L-Rozentalis,E/Lvov 1990/CBM 18 (70)}) (10...
Na6 11. a3 Re8 12. Nc3 Bg4 13. Bxe4 dxe4 14. Rxe4 Bxf3 15. gxf3 Qf6 16. c5 Bc7
17. f4 Rad8 18. Be3 b6 19. Kh1 Nb8 20. Rg1 $16 {1-0 Bologan,V-Konopka,M/
Panormo 2001/CBM 84 ext (45)}) 11. Nc3 Ndf6 12. c5 (12. Ne5 $5) 12... Bc7 13.
Ne5 {[%cal Gf2f3]} Bg6 $1 (13... Bxe5 14. dxe5 Nd7 15. f3 $16) 14. f3 (14. Nxg6
fxg6 $5 (14... hxg6 $11) 15. Bxe4 dxe4 16. Qb3+ Kh8 17. Qxb7 Ng4 $40) 14...
Nxc3 15. Bxg6 fxg6 (15... Nb5 16. Bxf7+ Rxf7 17. Nxf7 Kxf7 18. Qf2 $44 {[%csl
Rb5]}) 16. bxc3 $2 (16. Qxc3 Nd7 $11) 16... Nd7 17. f4 g5 $1 {Black uses his
development advantage to open the position quickly.} 18. fxg5 Nxe5 19. dxe5 Qe7
$17 20. e6 Qxc5+ 21. Kh1 Rae8 $1 (21... Qc4 22. Be3 Qh4 23. Bg1 Qxg5 24. c4
$132) 22. g3 (22. Be3 Qd6 23. Bg1 Rxe6 $19) 22... Rf2 23. Qd3 (23. Ba3 Rxc2 24.
Bxc5 b6 25. Bd4 c5 26. Be5 Bxe5 27. Rxe5 Rxc3 $19) 23... Qf8 (23... Rxh2+ 24.
Kxh2 Qf2+ 25. Kh3 Qxe1 $19) 24. Rb1 (24. Bd2 $142) 24... b5 (24... Rxh2+ $19)
25. a4 Rf3 26. Qe2 Rf2 27. Qd3 Rxh2+ 28. Kxh2 Qf2+ 29. Kh3 Qxe1 30. axb5 Qxe6+
31. Kg2 c5 (31... d4 $1 32. cxd4 (32. c4 cxb5 33. Rxb5 Qe1 $19) 32... Qd5+ 33.
Kf2 Rf8+ $19) 32. Ba3 c4 33. Qf3 Bb6 34. Rd1 Qe2+ 35. Qxe2 Rxe2+ 36. Kh3 $17
Re5 37. Rf1 Re8 38. Kg4 Rd8 39. Kf5 Kf7 40. Rh1 (40. g6+ $1 hxg6+ 41. Ke5+ Kg8
42. Bd6 $132) 40... d4 $1 41. cxd4 Rxd4 42. Rxh7 Rd5+ 43. Kg4 Kg6 44. Rh8 Rxg5+
45. Kf4 Rxb5 $19 46. Rc8 Rf5+ (46... Rb3 $1) 47. Ke4 Rg5 48. Bd6 $17 Rh5 49.
Rxc4 Rh1 50. Be5 Re1+ 51. Kd5 $11 {[%cal Gc4g4]} Kg5 52. Bxg7 Rd1+ 53. Ke6 Bf2
$4 (53... Re1+ 54. Be5 a5 $11) 54. Bf6+ Kg6 55. Rg4+ Kh5 (55... Kh7 56. Kf7
Rd7+ 57. Be7 Be3 (57... Rd4 58. Rg5 Kh6 59. Rf5 $18) 58. Rh4+ Bh6 59. g4 $18)
56. Rg8 Bxg3 (56... Bd4 57. g4+ Kh6 58. g5+ Kh5 59. Rh8+ Kg4 60. Bxd4 Rxd4 61.
g6 $18) 57. Rg5+ Kh6 58. Rxg3 Re1+ 59. Kf7 Kh5 60. Rg5+ Kh6 61. Rg4 Rh1 62. Rg8
1-0

[Event "Budapest MVM Cup 20'+10"]
[Site "Budapest"]
[Date "2002.08.19"]
[Round "2"]
[White "Polgar, Judit"]
[Black "Macieja, Bartlomiej"]
[Result "1/2-1/2"]
[WhiteElo "2681"]
[BlackElo "2607"]
[Annotator "Huzman"]
[PlyCount "45"]
[EventDate "2002.08.19"]
[EventType "match (rapid)"]
[EventRounds "8"]
[EventCountry "HUN"]
[Source "ChessBase"]
[SourceDate "2002.11.12"]

1. e4 e5 2. Nf3 Nf6 3. Nxe5 d6 4. Nf3 Nxe4 5. Bd3 d5 6. Qe2 Qe7 7. O-O Nd6 8.
Qd1 Qd8 9. Re1+ Be7 10. Qe2 Bg4 (10... Nc6 11. Ne5 Nd4 12. Qh5 $36) 11. b4 (11.
Qe5 Bxf3 12. gxf3 {[%cal Ge5g7,Ge5d5]} c6 13. Qxg7 Kd7 $44) 11... c6 12. Bb2
Bxf3 13. gxf3 (13. Qxf3 O-O $11) 13... Nd7 {[%cal Yd7f8,Yf8e6]} 14. Nc3 (14.
Kh1 $5 Kf8 (14... Nf8 15. Bxg7 Rg8 16. Bb2 $16) (14... Nf6 15. Bxf6 gxf6 16.
Nc3 Kd7 17. b5 $36) 15. Qxe7+ Qxe7 16. Bxg7+ Kxg7 17. Rxe7 Rad8 18. Nc3 Kf6 19.
Rae1 h6 $14 {[%cal Yh8e8]}) 14... Nf8 15. f4 f5 16. b5 (16. Qe5 Ng6 (16... Rg8
17. Nxd5 $1 cxd5 18. Qxd5 Nf7 19. Bb5+ Nd7 20. Re2 $18) 17. Qxg7 Kd7 $44) 16...
Ng6 $15 17. bxc6 bxc6 18. Na4 O-O (18... Ne4 $5 19. Qe3 Bd6 20. f3 Bxf4 21. Qe2
O-O 22. fxe4 fxe4 $40) 19. Nc5 Rf7 (19... Bf6 $1 20. Ne6 (20. Qe6+ Kh8 $17)
20... Nxf4 $1 21. Nxf4 Bxb2 22. Rab1 Qg5+ $17) 20. Ne6 Qd7 21. Nc5 Qd8 22. Ne6
Qd7 23. Nc5 1/2-1/2